<?xml version="1.0" encoding="UTF-8"?><?xml-stylesheet type="text/xsl" href="static/style.xsl"?><OAI-PMH xmlns="http://www.openarchives.org/OAI/2.0/" xmlns:xsi="http://www.w3.org/2001/XMLSchema-instance" xsi:schemaLocation="http://www.openarchives.org/OAI/2.0/ http://www.openarchives.org/OAI/2.0/OAI-PMH.xsd"><responseDate>2026-04-17T03:47:32Z</responseDate><request verb="GetRecord" identifier="oai:www.recercat.cat:2445/181484" metadataPrefix="marc">https://recercat.cat/oai/request</request><GetRecord><record><header><identifier>oai:recercat.cat:2445/181484</identifier><datestamp>2025-12-05T13:07:43Z</datestamp><setSpec>com_2072_1057</setSpec><setSpec>col_2072_478798</setSpec><setSpec>col_2072_478916</setSpec><setSpec>col_2072_478917</setSpec></header><metadata><record xmlns="http://www.loc.gov/MARC21/slim" xmlns:dcterms="http://purl.org/dc/terms/" xmlns:xsi="http://www.w3.org/2001/XMLSchema-instance" xmlns:doc="http://www.lyncode.com/xoai" xsi:schemaLocation="http://www.loc.gov/MARC21/slim http://www.loc.gov/standards/marcxml/schema/MARC21slim.xsd">
   <leader>00925njm 22002777a 4500</leader>
   <datafield ind2=" " ind1=" " tag="042">
      <subfield code="a">dc</subfield>
   </datafield>
   <datafield ind2=" " ind1=" " tag="720">
      <subfield code="a">Lemón, Linda</subfield>
      <subfield code="e">author</subfield>
   </datafield>
   <datafield ind2=" " ind1=" " tag="720">
      <subfield code="a">Fernández Aranda, Fernando</subfield>
      <subfield code="e">author</subfield>
   </datafield>
   <datafield ind2=" " ind1=" " tag="720">
      <subfield code="a">Jiménez-Murcia, Susana</subfield>
      <subfield code="e">author</subfield>
   </datafield>
   <datafield ind2=" " ind1=" " tag="720">
      <subfield code="a">Håkansson, Anders</subfield>
      <subfield code="e">author</subfield>
   </datafield>
   <datafield ind2=" " ind1=" " tag="260">
      <subfield code="c">2021-11-25T12:02:35Z</subfield>
   </datafield>
   <datafield ind2=" " ind1=" " tag="260">
      <subfield code="c">2021-11-25T12:02:35Z</subfield>
   </datafield>
   <datafield ind2=" " ind1=" " tag="260">
      <subfield code="c">2021-09-28</subfield>
   </datafield>
   <datafield ind2=" " ind1=" " tag="260">
      <subfield code="c">2021-11-25T10:53:59Z</subfield>
   </datafield>
   <datafield ind2=" " ind1=" " tag="520">
      <subfield code="a">Background and aims: theoretical background and previous data provide some similarities between problematic gambling and eating behaviors, and a theoretically increased clinical severity in individuals suffering from both conditions. However, large datasets are lacking, and therefore, the present study aimed to study, in a nationwide register material, psychiatric comorbidity, age and gender in gambling disorder (GD) patients with or without eating disorder (ED). Methods: diagnostic data from a nationwide register were used, including all individuals with a GD diagnosis in specialized health care in Sweden, in the years 2005-2016 (N = 2,099). Patients with GD and an ED diagnosis (n = 57) were compared to GD patients without ED. Results: patients with GD+ED were significantly more likely than other GD patients to also have a diagnosis of drug use disorder, depressive disorders, bipolar disorders, other mood disorder, anxiety disorders, personality disorders, and neuropsychiatric disorders, when controlling for gender. In logistic regression, a comorbid ED in GD was associated with female gender, younger age, depressive disorder and personality disorders. Discussion and conclusion: in nationwide register data, despite the low number of GD+ED patients, GD patients with ED appear to have a more severe psychiatric comorbidity than GD patients without ED. The combined GD+ED conditions may require particular screening and clinical attention, as well as further research in larger and longitudinal studies.</subfield>
   </datafield>
   <datafield tag="653" ind2=" " ind1=" ">
      <subfield code="a">Trastorns de la conducta alimentària</subfield>
   </datafield>
   <datafield tag="653" ind2=" " ind1=" ">
      <subfield code="a">Epidemiologia</subfield>
   </datafield>
   <datafield tag="653" ind2=" " ind1=" ">
      <subfield code="a">Jocs d'atzar</subfield>
   </datafield>
   <datafield tag="653" ind2=" " ind1=" ">
      <subfield code="a">Eating disorders</subfield>
   </datafield>
   <datafield tag="653" ind2=" " ind1=" ">
      <subfield code="a">Epidemiology</subfield>
   </datafield>
   <datafield tag="653" ind2=" " ind1=" ">
      <subfield code="a">Gambling</subfield>
   </datafield>
   <datafield ind2="0" ind1="0" tag="245">
      <subfield code="a">Eating disorder in gambling disorder: a group with increased psychopathology</subfield>
   </datafield>
</record></metadata></record></GetRecord></OAI-PMH>